Missing Word: World War II Quiz Stats

 Plays Quiz Updated Jul 31, 2013

Support Sporcle.
Go Orange.
Score 0/15 Timer 03:00
0 Plays Today
Category Missing Word % Correct
World LeadersHitler
99.3%
World LeadersWinston
97.5%
BattlesHarbor
96.1%
World LeadersStalin
93.4%
BattlesJima
86.8%
FilmsGreat
86.8%
FilmsSchindler's
83.2%
World LeadersBenito
79%
Category Missing Word % Correct
FilmsBridge
77.1%
FilmsSun
66.7%
FilmsBoot
66.4%
BattlesAlamein
34.9%
BattlesMonte
34%
World LeadersHideki
24.2%
BattlesLeyte
18.8%

Today's Daily Dose

Word Ladder
ING Words

Get the Picture
Nearest Volcano

From the Vault

Oscar Nominees (2011)

by rockgolf

Movies 10m
Another year, another snub for Eric Roberts.
Remove Ads.
Support Sporcle.
Get the best of Sporcle when you Go Orange. This ad-free experience offers more features, more stats, and more fun while also helping to support Sporcle. Thank you for becoming a member.

Show Comments

Extras

Top Quizzes Today


Score Distribution

Your Account Isn't Verified!

In order to create a playlist on Sporcle, you need to verify the email address you used during registration. Go to your Sporcle Settings to finish the process.

Report this User

Report this user for behavior that violates our Community Guidelines.

Details: